Central Library OPAC University of Rajshahi

মানব সম্পদ উন্নয়নে ইসলামের ভূমিকা : (Record no. 20414)

MARC details
000 -LEADER
fixed length control field 01620ntm a2200253 4500
001 - CONTROL NUMBER
control field 20414
003 - CONTROL NUMBER IDENTIFIER
rucl marc code BD-RjUL
005 - DATE AND TIME OF LATEST TRANSACTION
control field 20211209000549.0
008 - FIXED-LENGTH DATA ELEMENTS--GENERAL INFORMATION
fixed length control field 140301b b ||||| |||| 00| 0 b d
035 ## - SYSTEM CONTROL NUMBER
System control number (BD-RjUL)20476
040 ## - CATALOGING SOURCE
Original cataloging agency BD-RjUL
Language of cataloging ben/eng
Transcribing agency BD-RjUL
Modifying agency BD-RjUL
041 ## - LANGUAGE CODE
Language code of text/sound track or separate title ben
082 ## - DEWEY DECIMAL CLASSIFICATION NUMBER
Edition number 21
Classification number 297.27095492
Author mark and year SAM 2012
100 ## - MAIN ENTRY--PERSONAL NAME
Personal name ছালাম, আবু ছালেহ মো. আব্দুছ
9 (RLIN) 62947
245 ## - TITLE STATEMENT
Title মানব সম্পদ উন্নয়নে ইসলামের ভূমিকা :
Remainder of title প্রেক্ষিত বাংলাদেশ /
Statement of responsibility, etc. আবু ছালেহ মো. আব্দুছ ছালাম ;
Linkage গবেষণা তত্ত্বাবধায়ক : মুহাম্মদ আব্দুস সালাম মিঞা ।
260 ## - PUBLICATION, DISTRIBUTION, ETC. (IMPRINT)
Place of publication, distribution, etc. রাজশাহী :
Name of publisher, distributor, etc. আরবী বিভাগ, রাজশাহী বিশ্ববিদ্যালয়,
Date of publication, distribution, etc. ২১১২
300 ## - PHYSICAL DESCRIPTION
Pagination x,৩৭৩ পাতা ;
Size ২৯সমি.
502 ## - DISSERTATION NOTE
Dissertation note থিসিস (পিএইচ. ডি.)--আরবী বিভাগ, রাজশাহী বিশ্ববিদ্যালয়, ২১১২
504 ## - BIBLIOGRAPHY, ETC. NOTE
Bibliography, etc গ্রন্থপঞ্জি: পাতা ৩৫১-৩৭৩
650 #0 - SUBJECT ADDED ENTRY--TOPICAL TERM
Topical term or geographic name as entry element ইসলাম ও সামাজিক বিজ্ঞান
Geographic subdivision বাংলাদেশ
9 (RLIN) 62948
Topical term or geographic name as entry element Islam and Social Sciences
Geographic subdivision Bangladesh
9 (RLIN) 63216
700 ## - ADDED ENTRY--PERSONAL NAME
Personal name মিঞা, মুহাম্মদ আব্দুস সালাম, গবেষণা তত্ত্বাবধায়ক
942 ## - ADDED ENTRY ELEMENTS (KOHA)
Source of classification or shelving scheme Dewey Decimal Classification
Koha item type Theses
Holdings
Lost status Source of classification or shelving scheme Damaged status Not for loan Collection code Permanent Location Current Location Shelving location Date acquired Source of acquisition Total Checkouts Full call number Date last seen Copy number Koha item type
  Dewey Decimal Classification   Not For Loan Theses Central Library, University of Rajshahi Central Library, University of Rajshahi Documentation Section 26/10/2013 Controller of Examination Office, University of Rajshahi, Rajshahi.   BTHE 297.27095492 SAM 2012 01/03/2014 C-1 Theses